| 000 | 00565nam a22002057a 4500 | ||
|---|---|---|---|
| 003 | OSt | ||
| 005 | 20140310184354.0 | ||
| 008 | 121113t xxu||||| |||| 00| 0 eng d | ||
| 020 | _a043928368X | ||
| 050 |
_aDT 62.M7 _b.St833 2001 |
||
| 245 |
_aYou Wouldn't Want to be an Egyptian Mummy! / _cDavid Stewart, Illustrated By: DAvid Antram |
||
| 260 |
_aNew York : _bScholastic Inc., _c2001. |
||
| 300 |
_a32 p. : _bcol. ill. ; _c24 cm. |
||
| 521 | _aG8 | ||
| 526 | _c950 | ||
| 942 |
_2lcc _cBK-SCHOLAS |
||
| 999 |
_c33985 _d33985 |
||